00394pab a2200133 454500008004000000100001600040245009400056260000900150300001400159362000800173650001800181700001600199773004500215180718b2009 xxu||||| |||| 00| 0 eng d aDavis, Paul aWhat do public values mean for public action? Putting public values in their plural place c2009 ap.602-18. aNov aPublic values aWest, Karen aAmerican Review of Public Administration